| 000 -LEADER |
| fixed length control field |
00419nam a22000977a 4500 |
| 008 - FIXED-LENGTH DATA ELEMENTS--GENERAL INFORMATION |
| fixed length control field |
160502b xxu||||| |||| 00| 0 eng d |
| 100 ## - MAIN ENTRY--AUTHOR'S NAME |
| Author's Name |
Werenskiold, Carl |
| 245 ## - TITLE STATEMENT |
| Title |
10 Ore Norway, Norw. catalog # 36 |
| 260 ## - PUBLICATION, DISTRIBUTION, ETC. (IMPRINT) |
| Name of publisher, distributor, etc. |
Scandinavian Collectors Club |
| Date of publication, distribution, etc. |
1975 |
| 650 ## - TOPICAL TERM (Tag) |
| Topical term or geographic name |
Norway | 1882 | 19th Century | Definitive Issues | Production | Errors and Varieties -- Printing | Engraving | Stamps -- Histories | Collecting -- Identification |